Specifier (Record no. 77724)
[ view plain ]
| 000 -LEADER | |
|---|---|
| fixed length control field | 00930cab a2200217 4500 |
| 001 - CONTROL NUMBER | |
| control field | ##L134948 |
| 008 - FIXED-LENGTH DATA ELEMENTS--GENERAL INFORMATION | |
| fixed length control field | 060912n2006 000 0 eng u |
| 035 ## - SYSTEM CONTROL NUMBER | |
| System control number | (Sirsi) u134948 |
| 041 0# - LANGUAGE CODE | |
| Language code of text/sound track or separate title | eng |
| 100 1# - MAIN ENTRY--PERSONAL NAME | |
| Personal name | Spring, Martin |
| 245 00 - TITLE STATEMENT | |
| Title | Specifier |
| Remainder of title | off-site housing |
| 260 ## - PUBLICATION, DISTRIBUTION, ETC. | |
| Date of publication, distribution, etc. | 2006 |
| 490 #0 - SERIES STATEMENT | |
| Series statement | Building |
| Volume/sequential designation | 271(8446) 8 September 2006, 80-88(9) |
| 520 ## - SUMMARY, ETC. | |
| Summary, etc. | Guide to off-site housing, featuring Lovell's sustainable panellised housing project, The Way, in Beswick, east Manchester. Other articles look at innovative flooring systems, insulation systems and environmentally friendly timber homes, the implications of the Design for Manufacture competition for specifiers, and the concrete manufacturer H+H Celcon. |
| 590 ## - LOCAL NOTE (RLIN) | |
| Local note | IKA190906 |
| 650 24 - SUBJECT ADDED ENTRY--TOPICAL TERM | |
| Topical term or geographic name entry element | DCLG DESIGN FOR MANUFACTURE COMPETITION |
| 651 #4 - SUBJECT ADDED ENTRY--GEOGRAPHIC NAME | |
| Geographic name | United Kingdom |
| Chronological subdivision | |
| 690 ## - LOCAL SUBJECT ADDED ENTRY--TOPICAL TERM (OCLC, RLIN) | |
| Topical term or geographic name as entry element | BUILT ENVIRONMENT-BUILDING ELEMENTS |
| 700 1# - ADDED ENTRY--PERSONAL NAME | |
| Personal name | Caplehorn, Peter |
| 942 ## - ADDED ENTRY ELEMENTS (KOHA) | |
| Suppress in OPAC | 0 |
| Withdrawn status | Lost status | Source of classification or shelving scheme | Damaged status | Not for loan | Home library | Current library | Shelving location | Date acquired | Total Checkouts | Full call number | Barcode | Date last seen | Copy number | Price effective from | Koha item type |
|---|---|---|---|---|---|---|---|---|---|---|---|---|---|---|---|
| Dewey Decimal Classification | London | London | Journal article | 26/09/2006 | L134948 | 134948-2001 | 06/08/2019 | 1 | 06/08/2019 | Journal article |